[Event "Krakow op-B 29th"]
[Site "Krakow"]
[Date "2018.12.31"]
[Round "6"]
[White "Manko, Mariya"]
[Black "Kawula, Andrzej"]
[Result "0-1"]
[WhiteElo "1814"]
[BlackElo "1902"]
[PlyCount "162"]
[EventDate "2018.12.27"]
[EventType "swiss"]
[EventRounds "9"]
[EventCountry "POL"]
[SourceTitle "CBM 189 Extra"]
[Source "ChessBase"]
[SourceDate "2019.06.03"]
[SourceVersion "1"]
[SourceVersionDate "2019.06.03"]
[SourceQuality "1"]

1. e4 e6 2. Nc3 d5 3. Nf3 d4 4. Ne2 c5 5. c3 dxc3 6. bxc3 Nc6 7. Ng3 Nf6 8. Be2 Bd6 9. Qc2 0-0 10. 0-0 Qc7 11. Rb1 b6 12. d4 cxd4 13. cxd4 Ne5 14. Qb3 Nxf3+ 15. Bxf3 e5 16. Bb2 Qe7 17. dxe5 Bxe5 18. Ba3 Qc7 19. Rbc1 Be6 20. Qb1 Qd7 21. Bxf8 Rxf8 22. a3 g6 23. Be2 Bf4 24. Rcd1 Qe7 25. Qb4 Qc7 26. Bb5 h5 27. Rfe1 a5 28. Qb2 Ng4 29. Rc1 Qb8 30. h3 Bxc1 31. Rxc1 h4 32. Nf1 Ne5 33. f4 Nd7 34. Qf2 Nc5 35. Qxh4 Nxe4 36. Ne3 Qd6 37. a4 Qd2 38. Re1 Qd4 39. Kh2 Qf6 40. Qxf6 Nxf6 41. Rc1 Rd8 42. Rc6 Rd2 43. Rxb6 Nh5 44. Ra6 Nxf4 45. Rxa5 Nxh3 46. Ra8+ Kg7 47. Bc6 Re2 48. Nf1 Nf4 49. Bf3 Ra2 50. a5 Nxg2 51. Kg1 Nh4 52. Bb7 Bc4 53. Ne3 Bb5 54. a6 Ra3 55. a7 g5 56. Kf2 Ng6 57. Bd5 Nf4 58. Be4 Bd7 59. Nf5+ Bxf5 60. Bxf5 Kf6 61. Be4 Ne6 62. Bf3 Nc7 63. Rb8 Rxa7 64. Rb6+ Ne6 65. Rb3 Ra4 66. Kg3 Kg6 67. Rd3 Ng7 68. Rc3 Nh5+ 69. Kf2 f5 70. Rc6+ Nf6 71. Rc3 g4 72. Bg2 Ne4+ 73. Bxe4 Rxe4 74. Kg3 Kg5 75. Kf2 Kf4 76. Ra3 Rb4 77. Ra2 g3+ 78. Kg2 Kg4 79. Rc2 f4 80. Kg1 Rb1+ 81. Kg2 f3# 0-1

[Event "Krakow op-B 28th"]
[Site "Krakow"]
[Date "2018.01.02"]
[Round "7"]
[White "Meers, Hubert"]
[Black "Kawula, Andrzej"]
[Result "1-0"]
[WhiteElo "1786"]
[BlackElo "1914"]
[PlyCount "83"]
[EventDate "2017.12.27"]
[EventType "swiss"]
[EventRounds "9"]
[EventCountry "POL"]
[SourceTitle "CBM 182 Extra"]
[Source "ChessBase"]
[SourceDate "2018.02.23"]
[SourceVersion "1"]
[SourceVersionDate "2018.02.23"]
[SourceQuality "1"]

1. e4 e6 2. d4 d5 3. Nd2 Nf6 4. e5 Nfd7 5. Bd3 c5 6. c3 Nc6 7. Ne2 f5 8. Nf3 cxd4 9. cxd4 Bb4+ 10. Bd2 0-0 11. 0-0 Bxd2 12. Qxd2 Nb6 13. Nf4 Qe7 14. h4 Bd7 15. a3 Rac8 16. Ng5 Nxd4 17. Qe3 Nc2 18. Bxc2 Rxc2 19. Qf3 g6 20. Qg3 Re8 21. h5 Qg7 22. hxg6 hxg6 23. Ngh3 Qxe5 24. Qxg6+ Qg7 25. Qh5 Rc4 26. Rae1 d4 27. Nxe6 Rxe6 28. Rxe6 Bxe6 29. Qe8+ Qf8 30. Qxe6+ Qf7 31. Qe2 Rc6 32. Re1 Qd7 33. Nf4 Qf7 34. Qd3 Rd6 35. Qg3+ Kf8 36. Qh4 Qf6 37. Qh5 Rd8 38. Ne6+ Ke7 39. Nxd8+ Kxd8 40. Qe8+ Kc7 41. Re7+ Kd6 42. Qd8+ 1-0

[Event "Krakow op-B 23rd"]
[Site "Krakow"]
[Date "2013.01.04"]
[Round "9"]
[White "Kawula, Andrzej"]
[Black "Valkovoy, Alexandr"]
[Result "0-1"]
[WhiteElo "1996"]
[BlackElo "1855"]
[PlyCount "90"]
[EventDate "2012.12.27"]
[EventType "swiss"]
[EventRounds "9"]
[EventCountry "POL"]
[SourceTitle "CBM 152 Extra"]
[Source "ChessBase"]
[SourceDate "2013.02.25"]
[SourceVersion "1"]
[SourceVersionDate "2013.02.25"]
[SourceQuality "1"]

1. c4 c6 2. d4 d5 3. e3 Nf6 4. Nc3 Bf5 5. Nf3 e6 6. Bd3 Bxd3 7. Qxd3 Bd6 8. 0-0 0-0 9. b3 Nbd7 10. e4 dxe4 11. Nxe4 Nxe4 12. Qxe4 Nf6 13. Qh4 Be7 14. Bg5 h6 15. Bd2 c5 16. dxc5 Bxc5 17. Rad1 Qe7 18. Bc3 Rfd8 19. Bxf6 Qxf6 20. Qxf6 gxf6 21. h3 a5 22. Rb1 f5 23. Rfc1 f6 24. Kf1 Rd7 25. Rc2 Rad8 26. Ke2 Kf7 27. Rbb2 Bb4 28. Rb1 e5 29. a3 Bxa3 30. Rd2 Rxd2+ 31. Nxd2 Bb4 32. Nf1 Bc5 33. Rb2 Ke6 34. Nd2 Bb4 35. Nf1 f4 36. f3 h5 37. Rc2 f5 38. g4 hxg4 39. hxg4 fxg4 40. fxg4 e4 41. c5 Rc8 42. Rc4 Kd5 43. Nd2 Bxd2 44. Kxd2 Rxc5 45. Ra4 b6 0-1

[Event "Krakow op"]
[Site "Krakow"]
[Date "2012.05.06"]
[Round "9"]
[White "Kawula, Andrzej"]
[Black "Jakubiec, Edyta"]
[Result "0-1"]
[WhiteElo "1990"]
[BlackElo "2225"]
[PlyCount "64"]
[EventDate "2012.04.29"]
[EventType "swiss"]
[EventRounds "9"]
[EventCountry "POL"]
[SourceTitle "CBM 148 Extra"]
[Source "ChessBase"]
[SourceDate "2012.06.22"]
[SourceVersion "1"]
[SourceVersionDate "2012.06.22"]
[SourceQuality "1"]

1. c4 f5 2. Nc3 d6 3. d4 Nf6 4. Nf3 g6 5. e3 Bg7 6. Bd3 0-0 7. 0-0 Nc6 8. d5 Nb4 9. Nd4 c5 10. Nde2 Ng4 11. f4 e5 12. dxe6 Bxe6 13. a3 Nc6 14. Rb1 Qe7 15. h3 Nf6 16. b4 Qf7 17. Qb3 b6 18. Bb2 d5 19. cxd5 Nxd5 20. Nxd5 Bxd5 21. Qa4 c4 22. Bc2 a6 23. b5 axb5 24. Qxb5 Ra5 25. Qxb6 Rb8 26. Qxb8+ Nxb8 27. Bxg7 Kxg7 28. Rxb8 Qa7 29. Re8 Bf7 30. Re5 Rxe5 31. fxe5 Qxe3+ 32. Rf2 c3 0-1

[Event "Krakow op"]
[Site "Krakow"]
[Date "2012.04.29"]
[Round "1"]
[White "Gbyl, Andrzej"]
[Black "Kawula, Andrzej"]
[Result "1-0"]
[WhiteElo "2223"]
[BlackElo "1990"]
[PlyCount "93"]
[EventDate "2012.04.29"]
[EventType "swiss"]
[EventRounds "9"]
[EventCountry "POL"]
[SourceTitle "CBM 148 Extra"]
[Source "ChessBase"]
[SourceDate "2012.06.22"]
[SourceVersion "1"]
[SourceVersionDate "2012.06.22"]
[SourceQuality "1"]

1. d4 e6 2. c4 f5 3. Nc3 Nf6 4. g3 d5 5. Bg2 Be7 6. Nh3 0-0 7. Qb3 c6 8. 0-0 Qb6 9. e3 Qxb3 10. axb3 Ne4 11. Nf4 Na6 12. f3 Nd6 13. c5 Nf7 14. Nd3 e5 15. f4 exd4 16. exd4 Bf6 17. Be3 Re8 18. Bf2 Bd7 19. b4 Nc7 20. b5 Ne6 21. Ne5 Bxe5 22. fxe5 a6 23. bxa6 bxa6 24. Na4 Ra7 25. Nb6 Bc8 26. b4 Nc7 27. Be3 Be6 28. Ra5 Rb8 29. Rfa1 Nd8 30. Bf1 Bc8 31. h4 g6 32. Kf2 Nde6 33. Ke1 Bb7 34. Kd2 Rf8 35. Nd7 Rd8 36. Nf6+ Kg7 37. b5 cxb5 38. Bxb5 Raa8 39. Bd7 Nf8 40. Rb1 Rdb8 41. Rb6 Kf7 42. Ba4 Nce6 43. Bb3 Bc6 44. Nxd5 Nd7 45. Nc7 Nxb6 46. Bxe6+ Ke7 47. cxb6 1-0